000 02211cam a22004934i 4500
003 PE-LiUPU
005 20250731165528.0
008 150623s r 000 0 d
020 _a8470501380
035 _a(Sirsi) i9788470501388
040 _aPE-LiUPU
_bspa
_cPE-LiUPU
_erda
049 _aPRUA
082 0 4 _a270.9
_bH
_221
100 1 _aCristiani, L.,
_eautor.
245 1 0 _aTrento.
_n19 /
_cL. Cristiani.
264 1 _aValencia, España :
_bEdicep,
_c1976.
300 _a697 páginas :
_bilustraciones fotos ;
_c28 centímetros
336 _atext
_2rdacontent
337 _aunmediated
_2rdamedia
338 _avolume
_2rdacarrier
490 0 _aHistoria de la iglesia ;
_v19
505 0 _aLos orígenes del concilio de trento. -Pablo III y la realización del concilio de trento. -Los primeros trabajos del concilio. -Los acontecimientos políticos y el traslado del concilio. -Pablo III. -Concilio de trento. -Los pontificados de Marcelo II y de Pablo IV. -La última fase del concilio de trento. -La reforma católica en Italia. -Los orígenes de la compañía de Jesús. -Los comienzos del oratorio en Roma. -San Pedro canisio y la reforma católica en Alemania y Polonia. -La reforma católica en Francia en la época del concilio de trento. -La iglesia de España en el siglo XVI. -Los jesuitas misioneros.
526 _aSEG44
526 _aSEG26
526 _aP151
526 _aP150
526 _aP149
526 _aP146
526 _aP145
526 _aP126
526 _aP125
526 _aP92
526 _aP75
526 _aP74
526 _aP27
526 _aP15
611 _aConcilio de Trento.
_d1545-1563.
942 _2ddc
_cBOOK
949 _aRC 270.9 H 19
_wDEWEY
_c1
_i15318
_lCCODEBUL1
_mBUL
_r0
_sY
_tBOOK
_u2015-6-24
_xTEOLOGIA
_PP35
_0COMPRA
_o.CIRCNOTE. No olvidar cambiar la fecha de devolución!!!!!!!
_o.STAFF. Colección General
994 _aC0
_bPEPRU
596 _a1
999 _aRC 270.9 H 19
_wDEWEY
_c36510
_i15318
_d36510
_f2021-11-8
_g6
_lCCODEBUL1
_mBUL
_q1
_r1
_sY
_tBOOK
_u2015-6-24
_xTEOLOGIA
_PP35
_0COMPRA
_o.CIRCNOTE. No olvidar cambiar la fecha de devolución!!!!!!!
_o.STAFF. Colección General
980 _81
_gALBERTO SANCHEZ Responsable de Automatización